Convergence : (Record no. 84499)

MARC details
000 -LEADER
fixed length control field 00728nam a22002177a 4500
005 - DATE AND TIME OF LATEST TRANSACTION
control field 20140728120813.0
010 ## - LCCN (DPL NO)
LC control number ENG-110074
020 ## - INTERNATIONAL STANDARD BOOK NUMBER
International Standard Book Number 9789380607054
Terms of availability 695.00
035 ## - SYSTEM CONTROL NUMBER
System control number EN-93607
037 ## - SOURCE OF ACQUISITION
Source of stock number/acquisition DBAD/PUB
082 ## - DEWEY DECIMAL CLASSIFICATION NUMBER
Classification number 954
245 ## - TITLE STATEMENT
Title Convergence :
Statement of responsibility, etc edited by Radhika Seshan
Remainder of title rethinking India's past /
260 ## - PUBLICATION, DISTRIBUTION, ETC. (IMPRINT)
Place of publication, distribution, etc Delhi
Name of publisher, distributor, etc Primus Books
Date of publication, distribution, etc 2014
270 ## - ADDRESS
Address Virat Bhavan, Mukherjee Nagar Commercial Complex
City Delhi
Postal code 110009
300 ## - PHYSICAL DESCRIPTION
Extent 134p. :
Dimensions 24cm(Hb)
Other physical details ill.,maps
490 ## - SERIES STATEMENT
Series statement Issues in history
500 ## - GENERAL NOTE
General note Includes bibliographical references and index.
520 ## - SUMMARY, ETC.
Summary, etc Papers presented at a meeting held at University of Pune.
700 ## - ADDED ENTRY--PERSONAL NAME
Personal name Seshan, Radhika
942 ## - ADDED ENTRY ELEMENTS (KOHA)
Source of classification or shelving scheme Dewey Decimal Classification
Item type English Books
Call number suffix CON
Classification part 954
Holdings
Withdrawn status Lost status Not for loan Collection code Home library Current library Date acquired Source of acquisition Cost, normal purchase price Full call number Barcode Copy number Cost, replacement price Koha item type
    Not For Loan Non-fiction D.B.Act.Division D.B.Act.Division 23/05/2014 DBAD/PUB 695.00 954 CON EN-93607 1 695.00 English Books

© Delhi Public Library
Hit Counter
free hit counter